Statistiques concernant Pokémon Sauvages(Kanto HGSS)

Cliquez ici pour prendre le quiz!

Statistiques générales

  • Ce quiz a été pris 14 fois
  • Le résultat moyen est 267 sur 443

Statistiques - réponses

LieuxPokémon% Correct
SSAspicot
86%
HGCaninos
86%
Magicarpe
86%
Ponyta
86%
Abra
71%
HGChenipan
71%
Chétiflor
71%
HGChrysacier
71%
HGColossinge
71%
Électrode
71%
Élektek
71%
HGFérosinge
71%
(sur l'eau)Flagadoss
71%
Galopa
71%
SSGoupix
71%
Gravalanch
71%
Grotadmorv
71%
Hypocéan
71%
Hypotrempe
71%
Kadabra
71%
Leveinard
71%
Léviator
71%
Machoc
71%
Machopeur
71%
Magnéti
71%
Magnéton
71%
SSMiaouss
71%
Mimitoss
71%
Nidorina
71%
Nidorino
71%
HGPapilusion
71%
SSPersian
71%
Piafabec
71%
Forêt de JadePikachu
71%
Poissirène
71%
Poissoroy
71%
(pêche) | (sur l'eau) | Jadielle(sur l'eau)Ptitard
71%
Racaillou
71%
Ramoloss
71%
Rapasdepic
71%
Chutes Tohjo | Route 11 | Route 22 | +4 othersRattata
71%
Route 10 | Route 26 | Route 27Rattatac
71%
Route 1 | Route 2 | Route 25 | +2 othersRoucool
71%
Roucoups
71%
HGSabelette
71%
Spectrum
71%
Céladopole(sur l'eau)Tadmorv
71%
Carmin-sur-Mer(éclate-roc) | Grotte TaupiqueurTaupiqueur
71%
(pêche) | (sur l'eau) | Bourg Palette(sur l'eau) | +2 othersTentacool
71%
Tentacruel
71%
Têtarte
71%
Triopikeur
71%
Voltorbe
71%
SSAbo
57%
Aéromite
57%
SSArbok
57%
Pokémon statiqueArtikodin
57%
Balignon
57%
Boustiflor
57%
Capumain
57%
SSCoconfort
57%
(essaim)Coquiperl
57%
SSDardargnan
57%
SSDodrio
57%
Doduo
57%
Pokémon statiqueÉlecthor
57%
Étourmi
57%
Fouinette
57%
Hoothoot
57%
Kangourex
57%
(son Sinnoh)Korillon
57%
Krabboss
57%
(pêche) | Chenal 19(éclate-roc)Krabby
57%
Lamantine
57%
Limagma
57%
Lippoutou
57%
(son Sinnoh)Lixy
57%
Malosse
57%
Mont SéléniteMélofée
57%
Pokémon statiqueMewtwo
57%
HGMigalos
57%
HGMimigal
57%
M.Mime
57%
Route 24Mystherbe
57%
Noarfang
57%
Nosferalto
57%
Nosferapti
57%
Onix
57%
Ortide
57%
Ossatueur
57%
Osselait
57%
Otaria
57%
Qwilfish
57%
Rhinocorne
57%
(flûte Pokémon)Ronflex
57%
HGSablaireau
57%
Stari
57%
Absol
43%
Akwakwak
43%
Archéomire
43%
Caratroc
43%
Chenipotte
43%
Chuchmur
43%
Corayon
43%
Cornèbre
43%
SSCoxy
43%
SSCoxyclaque
43%
(essaim)Crikzik
43%
Farfuret
43%
Fouinar
43%
SSGloupti
43%
(essaim)Goélise
43%
Hypnomade
43%
Kokiyas
43%
Lanturn
43%
Pokémon Mouvant/ HG | événement Mystécristal / SSLatias
43%
HG | SSLatios
43%
(son Hoenn)Linéon
43%
Loupio
43%
Négapi
43%
(coup d'boule)Noeunoeuf
43%
Paras
43%
Parasect
43%
(coup d'boule)Parecool
43%
Pomdepik
43%
(son Hoenn)Posipi
43%
(sur l'eau)Psykokwak
43%
Rondoudou
43%
(son Sinnoh)Rozbouton
43%
(coup d'boule) | Chenal 21Saquedeneu
43%
Scarhino
43%
Soporifik
43%
SpécialSuicune
43%
Vortente
43%
Apitrini
29%
(essaim) HGBalbuto
29%
(son Hoenn)Chamallot
29%
(son Sinnoh)Keunotor
29%
(essaim)Laporeille
29%
(essaim)Lovdisc
29%
(son Hoenn)Makuhita
29%
(essaim)Medhyèna
29%
Métamorph
29%
Mustébouée
29%
Mysdibule
29%
(coup d'boule)Natu
29%
Qulbutoké
29%
(essaim)Relicanth
29%
Spoink
29%
(essaim)Ténéfix
29%
Tournegrin
29%
HGDonphan
14%
Floravol
14%
Grainipiot
14%
Granivol
14%
Maraiste
14%
SSUrsaring
14%

Distribution des résultats

Percentile par nombre de réponses

% des personnes avec chaque résultat

Votre développement - résultats

Vous n’avez pas pris ce quiz